000
00238nam a2200085Ia 4500
245
0
_a
Elsie se vuurproef
100
_a
DE VILLIERS, Herna Pretoria, 2003 1ste druk
_9
66426
942
_c
BK
008
210817s9999 xx 000 0 und d
999
_c
264805
_d
264804